00686nam a2200217 a 450000100060000000300090000600500170001500800410003202000150007303500150008804000280010304100130013104300180014410000230016224500780018526000550026330000280031849000450034665000400039170000370043126346CO-ViMGA20230915223420.0141112s2004 ck r 000 u spa d a9681642007 aAHF5926 LA aCO-ViMGAbspacCO-ViMGA aspa eng an - us - - - 1 aAlexander, Martha.10aLa bota de Lalo / cMartha Alexander ; traducción de Francisco Segovia. aMéxico : bFondo de Cultura Económica, c1999. a[16] p. : il. ; 14 cm.0 aLos especiales de a la orilla del viento14aCuentos infantiles estadounidenses.1 aSegovia, Francisco, 1958 - , tr.